[Event "SR 2. liga A 2003/2004"]
[Site "?"]
[Date "2003.12.07"]
[Round "4.2"]
[White "Seitler, Andrej"]
[Black "Vlcek, Stanislav"]
[Result "1-0"]
[WhiteElo "2144"]
[BlackElo "2215"]
[PlyCount "133"]
[EventDate "2003.??.??"]

1. e4 c5 2. Nc3 d6 3. g3 g6 4. Bg2 Bg7 5. d3 Nc6 6. Be3 Rb8 7. Nge2 Nd4 8. O-O
b5 9. Qd2 b4 10. Nd1 a5 11. f4 f5 12. h3 Nh6 13. c3 bxc3 14. bxc3 Nxe2+ 15.
Qxe2 O-O 16. Rc1 a4 17. Nb2 a3 18. Nc4 fxe4 19. dxe4 Ba6 20. Qd3 Qe8 21. Rfd1
Qa4 22. Bf1 Nf7 23. Qc2 Qxc2 $11 24. Rxc2 Bb5 25. Rdd2 Bc6 26. Bg2 Rb1+ 27. Kh2
Ba4 28. Nxa3 Bxc2 29. Rxc2 Rb6 30. Bf1 Ra8 31. Nb5 Ra5 32. c4 Nd8 33. e5 Ne6
34. Bg2 dxe5 35. Bd5 Kf8 36. fxe5 Bxe5 37. Bh6+ Ng7 38. Rf2+ Rf6 39. Re2 Bd6
40. Bg5 Rf5 41. Nxd6 Rxg5 42. Rf2+ Rf5 43. Nxf5 gxf5 44. g4 e6 45. Be4 $11 Ke7
46. gxf5 exf5 47. Bxf5 Nxf5 48. Rxf5 Rxa2+ 49. Kg3 Kd6 50. Rd5+ Kc6 51. Rh5 Kb6
52. Rxh7 Rc2 53. Rh4 Ka5 54. Rf4 Kb4 55. h4 Rc1 56. h5 Rg1+ 57. Kh4 Rh1+ 58.
Kg5 Rh2 59. h6 Rg2+ 60. Rg4 Rh2 61. Kg6 Re2 62. h7 Re8 63. Rh4 Kc3 64. Kf6 Kb4
65. h8=Q Rxh8 66. Rxh8 Kxc4 67. Ke5 1-0

[Event "SR 2. liga A 2003/2004"]
[Site "?"]
[Date "2003.12.07"]
[Round "4.3"]
[White "Gasa, Andrej"]
[Black "Kralovic, Andrej"]
[Result "1/2-1/2"]
[WhiteElo "2188"]
[BlackElo "2195"]
[PlyCount "113"]
[EventDate "2003.??.??"]

1. e4 c6 2. d4 d5 3. Nc3 dxe4 4. Nxe4 Nd7 5. Nf3 Ngf6 6. Nxf6+ Nxf6 7. Bc4 Bf5
8. c3 e6 9. O-O Bd6 10. Bg5 Qc7 11. h3 O-O-O 12. Qe2 h6 13. Bxf6 gxf6 14. Bd3
Bxd3 15. Qxd3 Rhg8 16. Rfd1 Rg7 17. Ne1 Rdg8 18. Qf3 Qe7 19. a3 Bb8 20. c4 Rg5
21. Rac1 Qc7 22. Rc3 Qh2+ 23. Kf1 Rf5 24. Qe4 Rf4 25. Qh7 Qh1+ 26. Ke2 Rxg2 27.
Rf3 Rxf3 28. Nxf3 Rxf2+ 29. Kxf2 Qxd1 30. Qg8+ Kc7 31. Qxf7+ Kb6 32. Qxe6 Qc2+
33. Qe2 Bg3+ 34. Kf1 Qxe2+ 35. Kxe2 Bf4 36. Kd3 Kc7 37. b3 Bc1 38. a4 Kd6 39.
Ke4 Ke6 40. Nh4 Bg5 41. Nf5 b6 42. h4 Bd2 43. h5 Bc1 $11 44. d5+ cxd5+ 45.
cxd5+ Kd7 46. Kd4 a6 47. Kc4 Bd2 48. Kd4 Bc1 49. Kc4 Bd2 50. a5 bxa5 51. Kc5
Kc7 52. Ng3 Be3+ 53. Kc4 Bc1 54. Kd4 Bf4 55. Nf5 Bd2 56. Ke4 Bc1 57. Kd4
1/2-1/2

[Event "SR 2. liga A 2003/2004"]
[Site "?"]
[Date "2003.12.07"]
[Round "4.3"]
[White "Harasta, Vladimir"]
[Black "Djubek, Boris"]
[Result "1/2-1/2"]
[WhiteElo "2163"]
[BlackElo "2131"]
[PlyCount "101"]
[EventDate "2003.??.??"]

1. c4 c5 2. Nf3 Nf6 3. Nc3 g6 4. d4 cxd4 5. Nxd4 Bg7 6. e4 O-O 7. Be3 d6 8. Be2
Nc6 9. O-O Bd7 10. Qd2 Nxd4 11. Bxd4 Bc6 12. f3 b6 13. Rac1 Rc8 14. Rc2 Qd7 15.
Rfc1 Rfd8 16. Nd5 Nxd5 17. Bxg7 Nb4 18. Qxb4 Kxg7 19. Qd2 Qe6 20. Qd4+ Qf6 21.
Qxf6+ Kxf6 22. Kf2 Bb7 23. Ke3 Rc7 24. h4 Rdc8 25. Bd3 h6 26. f4 Rc5 27. g3 Ba6
28. b3 Bb7 29. Be2 R5c7 30. Bg4 e6 31. Be2 b5 32. Bd3 b4 33. Be2 Ke7 34. Rd2 d5
35. e5 dxc4 36. Rxc4 Rxc4 37. Bxc4 Rc5 38. Rc2 Kd7 39. Bd3 Ra5 40. Rd2 Kc7 41.
Bb1 Bd5 42. Rd4 Rb5 43. Rd2 Rc5 44. Kd4 Kb6 45. Rc2 Rxc2 46. Bxc2 Bf3 47. Ke3
Bg4 48. Kd4 a5 49. Bd3 Bf5 50. Bxf5 gxf5 51. h5 1/2-1/2

[Event "SR 2. liga A 2003/2004"]
[Site "?"]
[Date "2003.12.07"]
[Round "4.3"]
[White "Machalova, Veronika"]
[Black "Stepanovic, Branislav"]
[Result "0-1"]
[WhiteElo "2128"]
[BlackElo "2090"]
[PlyCount "74"]
[EventDate "2003.??.??"]

1. e4 c5 2. Nf3 Nc6 3. d4 cxd4 4. Nxd4 Nf6 5. Nc3 e5 6. Ndb5 d6 7. Bg5 a6 8.
Na3 b5 9. Nd5 Qa5+ 10. Bd2 Qd8 11. Nxf6+ Qxf6 12. c4 Qg6 13. f3 Be7 14. g3 f5
15. cxb5 Nd4 16. Bc3 fxe4 17. Bxd4 exd4 18. Qxd4 Bf6 19. Qd2 exf3 20. Qe3+ Be5
21. Nc4 O-O 22. Bd3 f2+ 23. Kd2 Bf5 24. bxa6 Bf6 25. Bxf5 Qxf5 26. Qd3 Bg5+ 27.
Kc2 Qc5 28. Rad1 Kh8 29. b3 Rad8 30. Kb1 d5 31. Ne5 Bf6 32. Nf3 Qa3 33. Rd2
Rde8 34. Rf1 Re4 35. Qxd5 Rfe8 36. Qd6 Re1+ 37. Rd1 Qb2# 0-1

[Event "SR 2. liga A 2003/2004"]
[Site "?"]
[Date "2003.12.07"]
[Round "4.3"]
[White "Miklas, Marian"]
[Black "Eged, Igor"]
[Result "1/2-1/2"]
[WhiteElo "2204"]
[BlackElo "2113"]
[PlyCount "31"]
[EventDate "2003.??.??"]

1. c4 c5 2. g3 Nf6 3. Bg2 d5 4. cxd5 Nxd5 5. Nc3 Nc7 6. Nf3 Nc6 7. O-O e5 8. d3
Be7 9. Nd2 Bd7 10. Nc4 f6 11. f4 b5 12. Ne3 exf4 13. Rxf4 Rb8 14. Rf1 O-O 15.
Ned5 Nxd5 16. Nxd5 1/2-1/2

[Event "SR 2. liga A 2003/2004"]
[Site "?"]
[Date "2003.12.07"]
[Round "4.3"]
[White "Petreje, Juraj"]
[Black "Hecko, Dusan"]
[Result "1-0"]
[WhiteElo "2189"]
[BlackElo "2176"]
[PlyCount "139"]
[EventDate "2003.??.??"]

1. d4 Nf6 2. Nf3 g6 3. g3 Bg7 4. Bg2 O-O 5. O-O d6 6. Re1 Nbd7 7. b3 Rb8 8. Bb2
b6 9. c4 Bb7 10. Nbd2 Ne4 11. Qc2 Nxd2 12. Nxd2 Bxg2 13. Kxg2 e5 14. dxe5 Nxe5
15. f4 Ng4 16. e4 Bxb2 17. Qxb2 Qf6 18. Qxf6 Nxf6 19. Re2 a5 20. Rae1 Nd7 21.
Nf3 f6 22. Nd4 Nc5 23. Kf3 Rbe8 24. Re3 Ne6 25. Nb5 Re7 26. Rd1 Rd8 27. h4 Kf7
28. Nc3 Kg7 29. Nd5 Rf7 30. g4 h6 31. f5 Nf8 32. Nf4 g5 33. Nh5+ Kg8 34. hxg5
hxg5 35. e5 fxe5 36. Rxe5 Nd7 37. Re6 Kf8 38. Kg3 Re8 39. Rde1 Ne5 40. Rh6 Rfe7
41. f6 Rd7 42. Ng7 Rxg7 43. fxg7+ Kxg7 44. Rh5 Kg6 45. Rhh1 Re7 46. Rhf1 Rd7
47. Rf8 Nf7 48. Rfe8 Ne5 49. Rg8+ Rg7 50. Rxg7+ Kxg7 51. Rf1 Nf7 52. Rf5 Kf8
53. Kf3 Ke7 54. Ke4 c6 55. Kd4 Nd8 56. Ke4 Ne6 57. Ke3 Ke8 58. a3 Ke7 59. b4
axb4 60. axb4 Ke8 61. b5 cxb5 62. cxb5 Ke7 63. Ke4 Nc7 64. Rxg5 Kf6 65. Rh5 Kg6
66. Rf5 Kg7 67. Rd5 Ne8 68. Rd4 Kf6 69. Kd5 Nc7+ 70. Kc6 1-0

[Event "SR 2. liga A 2003/2004"]
[Site "?"]
[Date "2003.12.07"]
[Round "4.3"]
[White "Skreno, Vladimir"]
[Black "Janos, Jozef"]
[Result "1-0"]
[WhiteElo "2146"]
[BlackElo "2206"]
[PlyCount "76"]
[EventDate "2003.??.??"]

1. d4 d5 2. Nf3 Nf6 3. c4 e6 4. Bg5 c6 5. Bxf6 Qxf6 6. e3 Bb4+ 7. Nbd2 O-O 8.
a3 Bxd2+ 9. Qxd2 Nd7 10. cxd5 exd5 11. Bd3 Re8 12. O-O Nf8 13. b4 Bf5 14. Rfc1
a6 15. Ne5 Bxd3 16. Qxd3 Qe6 17. Qb3 Qf5 18. a4 Qe6 19. Ra2 h5 20. Qd1 Qh6 21.
Qf3 f6 22. Nd3 Re7 23. Rac2 Rae8 24. b5 axb5 25. axb5 Ne6 26. bxc6 bxc6 27.
Rxc6 Qg5 28. h3 Kh7 29. Rd6 Nxd4 30. exd4 Re4 31. Rc5 Rxd4 32. Rdxd5 Rxd5 33.
Rxd5 Qg6 34. Qxh5+ Qxh5 35. Rxh5+ Kg6 36. Rd5 Ra8 37. Nf4+ Kf7 38. Rd7+ Kg8 {
time} 1-0

[Event "SR 2. liga A 2003/2004"]
[Site "?"]
[Date "2003.12.07"]
[Round "4.4"]
[White "Breja, Stanislav"]
[Black "Kovarik, Oto"]
[Result "0-1"]
[WhiteElo "2121"]
[BlackElo "2128"]
[PlyCount "42"]
[EventDate "2003.??.??"]

1. e4 c5 2. c3 d6 3. d4 Nf6 4. Bd3 e6 5. Nf3 Nc6 6. O-O Be7 7. dxc5 dxc5 8. e5
Nd7 9. Re1 Nf8 10. g3 b6 11. h4 Bb7 12. Qe2 Qc7 13. a4 Na5 14. Nbd2 Rd8 15. Rb1
Nd7 16. b4 Nc6 17. b5 Ncxe5 18. Nxe5 Nxe5 19. Bxh7 Rxd2 20. Qxe5 Qxe5 21. Rxe5
Rd1+ 0-1

[Event "SR 2. liga A 2003/2004"]
[Site "?"]
[Date "2003.12.07"]
[Round "4.4"]
[White "Duben, Igor"]
[Black "Lahucky, Pavol"]
[Result "1-0"]
[WhiteElo "2163"]
[BlackElo "2099"]
[PlyCount "123"]
[EventDate "2003.??.??"]

1. e4 e5 2. Nf3 Nc6 3. Bc4 Nf6 4. Ng5 d5 5. exd5 b5 6. Bf1 Nxd5 7. Bxb5 Bb7 8.
d3 h6 9. Nf3 Qf6 10. Qe2 Bd6 11. Bd2 O-O 12. Bxc6 Bxc6 13. Nc3 Nb4 14. Rc1 Bxf3
15. Qxf3 Qxf3 16. gxf3 Nc6 17. Ne2 Kh7 18. O-O f5 19. Bc3 g5 20. Rce1 Kg6 21.
Kg2 Rae8 22. Rh1 h5 23. h3 Re7 24. Ng3 Rfe8 25. Nf1 Bb4 26. Nd2 Bd6 27. Re2 Nb4
28. Bxb4 Bxb4 29. Nc4 e4 30. fxe4 fxe4 31. d4 Bd6 32. Rhe1 Bf4 33. c3 c6 34. b4
Kf5 35. a4 g4 36. hxg4+ Kxg4 37. Na5 Re6 38. Nb7 h4 39. Nc5 R6e7 40. Nxe4 h3+
41. Kh1 Kh4 42. Ng3 Rxe2 43. Rxe2 Rf8 44. Kh2 Kg4 45. Re7 Bd6 46. Rg7+ Kf3 47.
Kg1 h2+ 48. Kh1 Bb8 49. Rg5 Re8 50. Kxh2 Kxf2 51. Rf5+ Ke1 52. Kg2 Rg8 53. Rf3
Rg7 54. Rd3 a6 55. Kh3 Rh7+ 56. Kg4 Rg7+ 57. Kh4 Rh7+ 58. Nh5 Ke2 59. Rh3 Bd6
60. Kg4 Kd2 61. Kf5 Kc2 62. a5 {time} 1-0

[Event "SR 2. liga A 2003/2004"]
[Site "?"]
[Date "2003.12.07"]
[Round "4.4"]
[White "Kolman, Richard"]
[Black "Puchart, Vladimir"]
[Result "1/2-1/2"]
[WhiteElo "2125"]
[BlackElo "2145"]
[PlyCount "58"]
[EventDate "2003.??.??"]

1. d4 Nf6 2. Bg5 d5 3. Nf3 e6 4. Nbd2 Be7 5. e3 O-O 6. Bd3 c5 7. c3 cxd4 8.
exd4 b6 9. O-O Ba6 10. Bxa6 Nxa6 11. Qe2 Nb8 12. Ne5 Nfd7 13. Bxe7 Qxe7 14. f4
Nxe5 15. fxe5 Nc6 16. Rf3 f6 17. exf6 Rxf6 18. Re3 Raf8 19. Re1 Nd8 20. Nf3 Rh6
21. Ne5 Qg5 22. Qg4 Qxg4 23. Nxg4 Rh5 24. Rg3 Kh8 25. Re5 Rhf5 26. Rxf5 Rxf5
27. Re3 Kg8 28. Ne5 Kf8 29. Rh3 Kg8 1/2-1/2

[Event "SR 2. liga A 2003/2004"]
[Site "?"]
[Date "2003.12.07"]
[Round "4.4"]
[White "Kruppa, Dominik"]
[Black "Hartl, Jan"]
[Result "0-1"]
[WhiteElo "2038"]
[BlackElo "2165"]
[PlyCount "94"]
[EventDate "2003.??.??"]

1. e4 e5 2. Nf3 Nc6 3. Bb5 a6 4. Ba4 Nf6 5. O-O Be7 6. Re1 b5 7. Bb3 O-O 8. c3
d6 9. h3 Na5 10. Bc2 c5 11. d4 Qc7 12. Nbd2 Nc6 13. dxc5 dxc5 14. Qe2 Bb7 15.
Nf1 Nd8 16. Ng3 g6 17. Nh2 Ne6 18. Ng4 h5 19. Nxf6+ Bxf6 20. Bh6 Bg7 21. Bxg7
Nf4 22. Qe3 Kxg7 23. Bd1 Rad8 24. Bxh5 Rd3 25. Qc1 gxh5 26. Nxh5+ Kg6 27. Nxf4+
exf4 28. e5 Qc6 29. f3 Rxf3 30. Qc2+ Kh6 31. Rad1 Re8 32. Re2 Re6 33. Qf5 Qc8
34. Qg4 Rg6 35. Rd6 Qxg4 36. hxg4 Rg3 37. Rd7 Bc8 38. Rxf7 Bxg4 39. Rd2 f3 40.
Kh2 fxg2 41. Kg1 Be6 42. Rf6 Bxa2 43. Rdd6 a5 44. Rc6 Bd5 45. Rxc5 Rxf6 46.
exf6 Rd3 47. f7 Rd1+ 0-1

[Event "SR 2. liga A 2003/2004"]
[Site "?"]
[Date "2003.12.07"]
[Round "4.4"]
[White "Manak, Jozef"]
[Black "Antol, Ladislav"]
[Result "0-1"]
[WhiteElo "2076"]
[BlackElo "2057"]
[PlyCount "73"]
[EventDate "2003.??.??"]

1. e4 c5 2. Nf3 d6 3. Bb5+ Bd7 4. Bxd7+ Nxd7 5. O-O Ngf6 6. Qe2 e6 7. c4 Be7 8.
d4 cxd4 9. Nxd4 a6 10. Nc3 Rc8 11. Bd2 O-O 12. Rac1 Ne5 13. b3 Qc7 14. Kh1 Nfd7
15. Be3 Rfd8 16. f4 Nc6 17. f5 Nxd4 18. Bxd4 Bf6 19. Bxf6 Nxf6 20. Qe3 Qc5 21.
Qg3 Qe5 22. Qxe5 dxe5 23. fxe6 fxe6 24. h3 Rd2 25. g4 Rcd8 26. Rf3 Rb2 27. Na4
Rxa2 28. Nc5 Rdd2 29. g5 Rh2+ 30. Kg1 Rag2+ 31. Kf1 Rxg5 32. Rcc3 Rh1+ 33. Kf2
Rgg1 34. Rce3 Rb1 35. Re2 b6 36. Nd3 Rbf1+ 37. Ke3 0-1

[Event "SR 2. liga A 2003/2004"]
[Site "?"]
[Date "2003.12.07"]
[Round "4.4"]
[White "Vychodil, Michal"]
[Black "Sarmir, Milos"]
[Result "1-0"]
[WhiteElo "2070"]
[BlackElo "2152"]
[PlyCount "57"]
[EventDate "2003.??.??"]

1. e4 e5 2. d4 exd4 3. Qxd4 Nc6 4. Qe3 d6 5. Nc3 Nf6 6. Bd2 Be7 7. O-O-O a6 8.
h3 Bd7 9. f4 h6 10. Nf3 Qb8 11. e5 dxe5 12. fxe5 Nh7 13. Bc4 Nf8 14. Nd5 Ne6
15. Nxe7 Nxe7 16. Nd4 Qc8 17. Bxe6 Bxe6 18. Qg3 O-O 19. Bxh6 Ng6 20. Be3 c5 21.
Nf3 Qc6 22. h4 Qa4 23. a3 Qc4 24. h5 Qa2 25. hxg6 fxg6 26. Qh4 Qa1+ 27. Kd2
Rad8+ 28. Ke2 Bc4+ 29. Qxc4+ 1-0

[Event "SR 2. liga A 2003/2004"]
[Site "?"]
[Date "2003.12.07"]
[Round "4.5"]
[White "Kebis, Milos"]
[Black "Karlik, Lukas"]
[Result "1-0"]
[WhiteElo "2094"]
[BlackElo "1866"]
[PlyCount "103"]
[EventDate "2003.??.??"]

1. c4 Nf6 2. Nc3 g6 3. Nf3 Bg7 4. d4 c6 5. e4 d6 6. Be2 O-O 7. O-O Nbd7 8. Bf4
Nh5 9. Be3 a6 10. a4 Qc7 11. Qd2 Re8 12. h3 Nhf6 13. Rfd1 e6 14. Rac1 b6 15.
Bf4 Nh5 16. Bh2 e5 17. dxe5 dxe5 18. b4 Nf8 19. b5 axb5 20. cxb5 c5 21. Qd6 Qb8
22. Qc6 Re6 23. Qd5 Bb7 24. Qb3 Nf4 25. Bc4 Re7 26. Ng5 N4e6 27. Nf3 Qc7 28.
Nd5 Bxd5 29. exd5 Nd4 30. Nxd4 cxd4 31. Rxd4 Qd6 32. Bf1 Nd7 33. Rc6 Nc5 34.
Qc2 Qd8 35. Rc4 Rd7 36. Bg3 Rxd5 37. Qe2 Rd2 38. Qe3 Rd1 39. Rc1 Rxc1 40. Qxc1
Rxa4 41. Kh2 Rd4 42. Qa3 h5 43. f3 Rd1 44. Be2 Rd2 45. Bc4 h4 46. Be1 Rd1 47.
Bf2 e4 48. Rxg6 Kh7 49. Rg4 Qd2 50. Qe3 Nd3 51. Qxe4+ Kh8 52. Qe8+ 1-0

[Event "SR 2. liga A 2003/2004"]
[Site "?"]
[Date "2003.12.07"]
[Round "4.5"]
[White "Kubis, Ivan"]
[Black "Pacher, Milan"]
[Result "1-0"]
[WhiteElo "2062"]
[BlackElo "2057"]
[PlyCount "71"]
[EventDate "2003.??.??"]

1. e4 c6 2. d4 d5 3. Nc3 dxe4 4. Nxe4 Bf5 5. Ng3 Bg6 6. h4 h6 7. Nf3 Nd7 8. h5
Bh7 9. Bd3 Bxd3 10. Qxd3 Ngf6 11. Bd2 e6 12. O-O-O Be7 13. Ne4 b5 14. Kb1 a5
15. Rdg1 b4 16. g4 a4 17. g5 Nd5 18. gxh6 gxh6 19. Ne5 Nxe5 20. dxe5 Qb6 21.
Rh3 O-O-O 22. Qc4 c5 23. Rhg3 Nc7 24. Be3 Rd5 25. Rg7 Rhd8 26. Rc1 Rxe5 27.
Rxf7 Bf8 28. Bf4 Rd4 29. Rxf8+ Kb7 30. Qxd4 cxd4 31. Bxe5 b3 32. cxb3 axb3 33.
Rxc7+ Ka6 34. Nc5+ Kb5 35. Rh7 Qc7 36. Bxc7 1-0

[Event "SR 2. liga A 2003/2004"]
[Site "?"]
[Date "2003.12.07"]
[Round "4.5"]
[White "Marko, Vladimir"]
[Black "Sycova, Miroslava"]
[Result "1/2-1/2"]
[WhiteElo "2068"]
[BlackElo "2010"]
[PlyCount "60"]
[EventDate "2003.??.??"]

1. e4 e6 2. d4 d5 3. Nd2 Nf6 4. e5 Nfd7 5. Bd3 c5 6. c3 Nc6 7. Ne2 Qb6 8. Nf3
f6 9. exf6 Nxf6 10. O-O Bd6 11. a3 O-O 12. Bc2 e5 13. dxe5 Nxe5 14. Nxe5 Bxe5
15. Bg5 Be6 16. f4 Bc7 17. Qd3 c4+ 18. Qd4 Qxb2 19. Qd1 Ng4 20. Rb1 Bb6+ 21.
Kh1 Qxa3 22. f5 Bf7 23. Rxb6 axb6 24. Qd4 Qb2 25. Bd1 Nf6 26. Bxf6 gxf6 27.
Qxf6 Ra1 28. Nf4 Qd2 29. Qg5+ Bg6 30. fxg6 Rxf4 1/2-1/2

[Event "SR 2. liga A 2003/2004"]
[Site "?"]
[Date "2003.12.07"]
[Round "4.5"]
[White "Mosny, Jaroslav"]
[Black "Kuna, Vladimir"]
[Result "1/2-1/2"]
[WhiteElo "2051"]
[BlackElo "2149"]
[PlyCount "39"]
[EventDate "2003.??.??"]

1. d4 d5 2. Nf3 Nf6 3. c4 e6 4. Nc3 c6 5. Bg5 Be7 6. e3 Nbd7 7. Bd3 dxc4 8.
Bxc4 Nd5 9. Bxe7 Qxe7 10. O-O Nxc3 11. bxc3 O-O 12. Qe2 e5 13. Nd2 Nf6 14. Rab1
e4 15. f3 exf3 16. Qxf3 Bg4 17. Qf4 Bh5 18. Rbe1 Rad8 19. Qg5 Bg6 20. e4
1/2-1/2

[Event "SR 2. liga A 2003/2004"]
[Site "?"]
[Date "2003.12.07"]
[Round "4.5"]
[White "Rohackova, Veronika"]
[Black "Moravcik, Marian"]
[Result "1-0"]
[WhiteElo "2049"]
[BlackElo "2073"]
[PlyCount "65"]
[EventDate "2003.??.??"]

1. e4 c5 2. Nf3 d6 3. Bb5+ Bd7 4. Bxd7+ Nxd7 5. O-O Ngf6 6. Qe2 Qc7 7. b3 g6 8.
Bb2 Bg7 9. d4 cxd4 10. Nxd4 a6 11. c4 O-O 12. Nc3 e6 13. Rad1 Rfd8 14. Nc2 Rac8
15. Ne3 Qc6 16. f3 Qc5 17. Na4 Qc6 18. Ba3 Nb6 19. Nxb6 Qxb6 20. Rd3 Rd7 21.
Rfd1 Rcd8 22. Kh1 Bf8 23. Bb2 Bg7 24. Bd4 Qc6 25. Qb2 Ne8 26. Bxg7 Nxg7 27. Ng4
Nh5 28. Nh6+ Kf8 29. Qh8+ Ke7 30. Qxh7 Rf8 31. e5 Kd8 32. Rxd6 Nf6 33. Qg7 1-0

[Event "SR 2. liga A 2003/2004"]
[Site "?"]
[Date "2003.12.07"]
[Round "4.5"]
[White "Sekera, Branislav"]
[Black "Szollos, Ondrej"]
[Result "0-1"]
[WhiteElo "2122"]
[BlackElo "2051"]
[PlyCount "126"]
[EventDate "2003.??.??"]

1. d4 Nf6 2. Nf3 d6 3. c4 c6 4. Nc3 Qc7 5. Bg5 Nbd7 6. e4 e5 7. Be2 Be7 8. O-O
h6 9. Bh4 O-O 10. Rb1 Re8 11. a3 Nf8 12. Bxf6 Bxf6 13. d5 Ng6 14. Nd2 Bg5 15.
b4 Qe7 16. g3 Bh3 17. Re1 Rad8 18. Nf1 Qd7 19. Bf3 Rf8 20. dxc6 Qxc6 21. Qd5
Qc8 22. Qd3 Ne7 23. Ne3 Nc6 24. Ncd5 Nd4 25. Bg2 Bxg2 26. Kxg2 f5 27. f4 Bf6
28. Nxf6+ gxf6 29. Nd5 fxe4 30. Qxe4 f5 31. Qd3 Rde8 32. Rbc1 Qc6 33. Qd1 b5
34. Qd3 Kg7 35. Kf1 Qb7 36. fxe5 dxe5 37. Rxe5 Rxe5 38. Qxd4 Rfe8 39. Re1 Qb8
40. c5 Kf7 41. Rxe5 Qxe5 42. Qd1 Rd8 43. Qh5+ Kg7 44. Nf4 Qa1+ 45. Kf2 Rd2+ 46.
Ne2 Qd4+ 47. Kf1 Qe4 48. Kf2 Rd3 49. Nf4 Rd2+ 50. Ne2 Ra2 51. Qf3 Qxf3+ 52.
Kxf3 Rxa3+ 53. Kf4 Kf6 54. Nd4 a6 55. Nxf5 Rb3 56. Nd4 Rxb4 57. Ke4 a5 58. Kd5
a4 59. c6 Ke7 60. Kc5 Rxd4 61. Kxd4 Kd6 62. g4 Kxc6 63. h4 Kd6 0-1

[Event "SR 2. liga A 2003/2004"]
[Site "?"]
[Date "2003.12.07"]
[Round "4.6"]
[White "Isa, Vlastimil"]
[Black "Samko, Karol"]
[Result "0-1"]
[WhiteElo "2007"]
[BlackElo "1998"]
[PlyCount "103"]
[EventDate "2003.??.??"]

1. e4 c5 2. Nf3 Nc6 3. d4 cxd4 4. Nxd4 g6 5. c4 Bg7 6. Be3 Nf6 7. Nc3 O-O 8.
Be2 b6 9. f4 Bb7 10. Bf3 Nxd4 11. Bxd4 d6 12. Qd2 Ne8 13. Rd1 Nc7 14. Bxg7 Kxg7
15. O-O Ne6 16. b3 Qc7 17. Kh1 Rad8 18. f5 Nc5 19. Qd4+ Kg8 20. f6 a6 21. Nd5
Bxd5 22. exd5 exf6 23. Qxf6 Nd7 24. Qf4 Ne5 25. Be4 Qe7 26. Rde1 Rde8 27. Bc2
Qd7 28. Qd4 Qc7 29. Qd2 Nd7 30. Qf2 Rxe1 31. Rxe1 Ne5 32. Qf4 b5 33. Re4 f5 34.
Rd4 Qa5 35. h3 Qxa2 36. Qd2 bxc4 37. bxc4 Nxc4 38. Qe2 Qa1+ 39. Rd1 Qc3 40.
Qe6+ Rf7 41. Ba4 Kg7 42. Be8 Rc7 43. Re1 Qf6 44. Qe2 Qe5 45. Qd1 Ne3 46. Qd2 f4
47. Bc6 Re7 48. Qf2 Ng4 49. Qd4 Nf2+ 50. Kh2 Qxd4 51. Rxe7+ Kh6 52. Re1 0-1

[Event "SR 2. liga A 2003/2004"]
[Site "?"]
[Date "2003.12.07"]
[Round "4.6"]
[White "Karlik, Lubomir"]
[Black "Mandak, Miroslav"]
[Result "1/2-1/2"]
[WhiteElo "1903"]
[BlackElo "2084"]
[PlyCount "69"]
[EventDate "2003.??.??"]

1. d4 Nf6 2. c4 e6 3. Nc3 Bb4 4. Qc2 c5 5. dxc5 Bxc5 6. Bg5 Bxf2+ 7. Kxf2 Ng4+
8. Kg3 Qxg5 9. Nf3 Ne3+ 10. Nxg5 Nxc2 11. Rc1 Nd4 12. e3 Nf5+ 13. Kf2 O-O 14.
Bd3 h6 15. Nf3 Nd6 16. Rhd1 Ne8 17. Bc2 Nc6 18. Ne4 f5 19. Nd6 Nf6 20. Ba4 Ne4+
21. Ke2 Nc5 22. Bxc6 dxc6 23. Ne5 Kh7 24. b4 Na6 25. a3 Nc7 26. Rd2 a5 27. b5
Ne8 28. bxc6 bxc6 29. Nxe8 Rxe8 30. Nxc6 Bb7 31. Ne5 Bxg2 32. Rg1 Be4 33. Rd7
Rg8 34. Rg6 Ra6 35. Re7 1/2-1/2

[Event "SR 2. liga A 2003/2004"]
[Site "?"]
[Date "2003.12.07"]
[Round "4.6"]
[White "Machalova, Erika"]
[Black "Gono, Pavol"]
[Result "1/2-1/2"]
[WhiteElo "1988"]
[BlackElo "1910"]
[PlyCount "108"]
[EventDate "2003.??.??"]

1. d4 c6 2. c4 d5 3. cxd5 cxd5 4. Nc3 Nf6 5. Nf3 e6 6. Bf4 a6 7. a3 Be7 8. e3
O-O 9. Bd3 Nc6 10. Ne5 Nxe5 11. Bxe5 Ne8 12. O-O f6 13. Bg3 f5 14. Rc1 Nd6 15.
Na4 b5 16. Nc5 Nc4 17. Bxc4 dxc4 18. b3 Qd5 19. bxc4 bxc4 20. Qf3 g5 21. Bc7
Bxc5 22. dxc5 Bb7 23. Qxd5 Bxd5 24. Be5 Rf7 25. Rb1 Rc8 26. Rfc1 Rd7 27. Bd4 e5
28. Bxe5 Rxc5 29. Bd4 Rb5 30. Rb4 Rdb7 31. Bc3 Kf7 32. f3 Rc7 33. Rxb5 axb5 34.
Kf2 Bc6 35. Rd1 Rd7 36. Rxd7+ Bxd7 37. Ke2 Bc6 38. Bd4 Ke6 39. Bc3 Kd5 40. Kd2
g4 41. Ke2 h5 42. Kf2 Ke6 43. Kg3 gxf3 44. gxf3 Bd5 45. Kf4 Bc6 46. e4 fxe4 47.
fxe4 Bb7 48. Ke3 Bc6 49. Kd4 Be8 50. Kc5 Bd7 51. Kd4 Bc6 52. Ke3 Be8 53. Kf4
Bg6 54. Ke3 Be8 1/2-1/2

[Event "SR 2. liga A 2003/2004"]
[Site "?"]
[Date "2003.12.07"]
[Round "4.6"]
[White "Mikulas, Dusan"]
[Black "Puskas, Miroslav"]
[Result "1-0"]
[WhiteElo "2143"]
[BlackElo "2108"]
[PlyCount "69"]
[EventDate "2003.??.??"]

1. e4 c5 2. Nf3 d6 3. d4 cxd4 4. Nxd4 Nf6 5. Nc3 Bd7 6. f4 Nc6 7. Nf3 a6 8. Bd3
b5 9. O-O e5 10. Qe1 Ng4 11. Qg3 h5 12. f5 Qb6+ 13. Kh1 Nb4 14. h3 Nf6 15. Bg5
Bc6 16. Rfe1 Qb7 17. a3 Nxd3 18. cxd3 b4 19. axb4 Qxb4 20. Re2 Be7 21. Rc1 Bb7
22. Rec2 O-O 23. Qh4 Rfe8 24. Bxf6 Bxf6 25. Qxh5 a5 26. g4 Rec8 27. g5 Be7 28.
f6 g6 29. Qg4 Bd8 30. Qh4 d5 31. Nxe5 dxe4 32. dxe4 Rxc3 33. bxc3 Bxe4+ 34. Kh2
Bc7 35. cxb4 1-0

[Event "SR 2. liga A 2003/2004"]
[Site "?"]
[Date "2003.12.07"]
[Round "4.6"]
[White "Toth_Vano, Peter"]
[Black "Palka, Miroslav"]
[Result "1-0"]
[WhiteElo "2034"]
[BlackElo "2030"]
[PlyCount "35"]
[EventDate "2003.??.??"]

1. e4 c5 2. Nf3 d6 3. Bb5+ Bd7 4. Bxd7+ Qxd7 5. O-O e5 6. c3 Nf6 7. Re1 Nc6 8.
d4 Rd8 9. Na3 Be7 10. Bg5 O-O 11. Nc4 Qc7 12. Ne3 Qd7 13. Nf5 g6 14. dxe5 Nh5
15. Nxe7+ Nxe7 16. exd6 f6 17. dxe7 Qxe7 18. Qb3+ 1-0

[Event "SR 2. liga A 2003/2004"]
[Site "?"]
[Date "2003.12.07"]
[Round "4.6"]
[White "Vrba, Michal"]
[Black "Gajarsky, Roman"]
[Result "1/2-1/2"]
[WhiteElo "1860"]
[BlackElo "2021"]
[PlyCount "40"]
[EventDate "2003.??.??"]

1. e4 e5 2. Nf3 Nf6 3. Nxe5 d6 4. Nf3 Nxe4 5. d4 d5 6. Be2 Be7 7. O-O O-O 8.
Nbd2 Nc6 9. c3 a6 10. a4 Rb8 11. Nxe4 dxe4 12. Nd2 f5 13. Nc4 Bg5 14. f4 Bh6
15. Ne5 Nxe5 16. dxe5 Qxd1 17. Rxd1 Be6 18. Be3 Rfd8 19. Rxd8+ Rxd8 20. Rd1
Rxd1+ 1/2-1/2

[Event "SR 2. liga A 2003/2004"]
[Site "?"]
[Date "2003.12.07"]
[Round "4.7"]
[White "Furjel, Andrej"]
[Black "Bury, Rastislav"]
[Result "1/2-1/2"]
[WhiteElo "1905"]
[BlackElo "2052"]
[PlyCount "172"]
[EventDate "2003.??.??"]

1. Nf3 Nf6 2. d4 d5 3. c4 e6 4. Nc3 c6 5. Bg5 dxc4 6. a4 Bb4 7. Bxf6 gxf6 8. g3
b5 9. Bg2 Bb7 10. O-O Bxc3 11. bxc3 Qc7 12. Qd2 h6 13. e4 Nd7 14. Rfd1 a6 15.
axb5 axb5 16. Rxa8+ Bxa8 17. d5 cxd5 18. Nd4 Nb6 19. exd5 Bxd5 20. Bxd5 Nxd5
21. Ra1 O-O 22. Nxb5 Qe5 23. Re1 Qb8 24. Nd4 Kg7 25. Nf5+ exf5 26. Qxd5 Qc8 27.
Re7 Qa6 28. Qxf5 Qa1+ 29. Kg2 Qa8+ 30. f3 Qc8 31. Qd5 f5 32. Qe5+ Kg6 33. Qd6+
f6 34. Re6 Rf7 35. Qc6 Qxc6 36. Rxc6 Rd7 37. Rxc4 Rd2+ 38. Kh3 Rd3 39. f4 Rd2
40. Rc5 Rc2 41. c4 Kf7 42. Rc6 h5 43. c5 Kg7 44. Rc7+ Kh6 45. c6 Kg6 46. Rc8
Kf7 47. c7 Kg7 48. Rd8 Rxc7 49. Rd2 Kg6 50. Re2 Rd7 51. Kg2 h4 52. gxh4 Kh5 53.
Kf3 Rd3+ 54. Kg2 Kxh4 55. Rf2 Kg4 56. Kf1 Kh3 57. Ke2 Ra3 58. Rf1 Kxh2 59. Kf2
Rg3 60. Rc1 Kh3 61. Rc8 Ra3 62. Rg8 Kh4 63. Rg7 Kh5 64. Rg8 Kh6 65. Rg1 Ra7 66.
Kf3 Rg7 67. Rh1+ Kg6 68. Rg1+ Kf7 69. Re1 Rg8 70. Ra1 Re8 71. Rb1 Re7 72. Ra1
Rc7 73. Ra3 Ke6 74. Rb3 Kd5 75. Rd3+ Ke6 76. Rb3 Rc6 77. Ra3 Kd5 78. Rd3+ Kc4
79. Rd8 Kc5 80. Rd1 Rd6 81. Rc1+ Kb4 82. Rc7 Rd3+ 83. Kf2 Rc3 84. Rf7 Rc6 85.
Rd7 Kc4 86. Kf3 Re6 1/2-1/2

[Event "SR 2. liga A 2003/2004"]
[Site "?"]
[Date "2003.12.07"]
[Round "4.7"]
[White "Hagara, Vladimir"]
[Black "Hefka, Vladimir"]
[Result "1/2-1/2"]
[WhiteElo "2003"]
[BlackElo "2001"]
[PlyCount "33"]
[EventDate "2003.??.??"]

1. d4 Nf6 2. c4 g6 3. Nc3 Bg7 4. e4 d6 5. f3 O-O 6. Be3 e5 7. Nge2 c6 8. Qd2 a6
9. a4 Nbd7 10. d5 c5 11. Nc1 Kh8 12. Bd3 Ng8 13. Qc2 Bh6 14. Bf2 Qg5 15. O-O
Ndf6 16. h4 Qd2 17. Qxd2 1/2-1/2